[Event "Taastrup 30th Aniversary Open"]
[Site "Taastrup"]
[Date "2002.11.25"]
[Round "4"]
[White "Nielsen, Jan Mose"]
[Black "Kongsted, Halfdan Christian"]
[Result "0-1"]
[WhiteElo "2128"]
[BlackElo "2221"]
[PlyCount "54"]
[EventDate "2002.11.22"]
[EventType "swiss"]
[EventRounds "9"]
[EventCountry "DEN"]
[Source "ChessBase"]
[SourceDate "2003.01.09"]

1. d4 e6 2. c4 d5 3. cxd5 exd5 4. Nf3 c5 5. Nc3 Nc6 6. e3 Nf6 7. Be2 Be7 8. O-O
O-O 9. dxc5 Bxc5 10. b3 a6 11. Bb2 Ba7 12. Rc1 Re8 13. Na4 Ne4 14. Nd4 Qd6 15.
Nxc6 bxc6 16. Bd4 c5 17. Bb2 Bb7 18. Bf3 Ng5 19. Nc3 Bb8 20. g3 Nxf3+ 21. Qxf3
Re7 22. Qg4 h5 23. Qh4 d4 24. exd4 cxd4 25. Nd1 Ba7 26. Qxh5 Re5 27. Qg4 Rae8
0-1

[Event "Taastrup 30th Aniversary Open"]
[Site "Taastrup"]
[Date "2002.11.27"]
[Round "6"]
[White "Nielsen, Michael"]
[Black "Nilsson, Nils Specht"]
[Result "1/2-1/2"]
[WhiteElo "2095"]
[BlackElo "2182"]
[PlyCount "116"]
[EventDate "2002.11.22"]
[EventType "swiss"]
[EventRounds "9"]
[EventCountry "DEN"]
[Source "ChessBase"]
[SourceDate "2003.01.09"]

1. e4 c6 2. d4 g6 3. Nc3 d5 4. Bf4 Bg7 5. e5 Qb6 6. Rb1 e6 7. Nf3 Bf8 8. Qd2
Bd7 9. Na4 Qb4 10. Qxb4 Bxb4+ 11. Bd2 Bxd2+ 12. Kxd2 b6 13. b4 c5 14. b5 c4 15.
Nc3 Ne7 16. a4 a5 17. bxa6 Rxa6 18. Be2 Bxa4 19. Nxa4 Rxa4 20. Rxb6 O-O 21.
Rhb1 Nbc6 22. Bd1 f6 23. exf6 Rxf6 24. Ke1 c3 25. R1b3 Nxd4 26. Nxd4 Rxd4 27.
Rxc3 Re4+ 28. Kf1 d4 29. Rc7 Ref4 30. Rxe7 Rxf2+ 31. Ke1 Rxg2 32. Rb8+ Rf8 33.
Rxf8+ Kxf8 34. Rxh7 e5 35. Be2 e4 36. Rh4 d3 37. cxd3 exd3 38. Bxd3 Kg7 39. h3
Rh2 40. Bf1 Ra2 41. Rg4 Kh6 42. Bd3 g5 43. Rd4 Kh5 44. Be2+ Kg6 45. Kf2 Kf5 46.
Kf3 Ra3+ 47. Bd3+ Ke5 48. Re4+ Kf6 49. Re3 Rb3 50. Kg3 Rb4 51. Re4 Rb2 52. Be2
Rb8 53. Rc4 Rb2 54. Bf3 Rb5 55. Rc6+ Kf7 56. Rd6 Re5 57. Rd5 Re1 58. Rxg5 Rg1+
1/2-1/2

[Event "Taastrup 30th Aniversary Open"]
[Site "Taastrup"]
[Date "2002.11.22"]
[Round "1"]
[White "Nielsen, Michael"]
[Black "Hartvig, Ove Weiss"]
[Result "0-1"]
[WhiteElo "2095"]
[BlackElo "2286"]
[PlyCount "52"]
[EventDate "2002.11.22"]
[EventType "swiss"]
[EventRounds "9"]
[EventCountry "DEN"]
[Source "ChessBase"]
[SourceDate "2003.01.09"]

1. e4 d5 2. exd5 Nf6 3. d4 Nxd5 4. c4 Nb6 5. Nc3 e5 6. dxe5 Qxd1+ 7. Kxd1 Be6
8. b3 Nc6 9. Nf3 O-O-O+ 10. Kc2 Bc5 11. Be3 Bxe3 12. fxe3 Nd7 13. Ng5 Bf5+ 14.
e4 Bg6 15. e6 Nd4+ 16. Kb2 fxe6 17. Ne2 Nc5 18. Nf4 Rhf8 19. g3 e5 20. Bh3+ Kb8
21. Nxg6 Rf2+ 22. Kc3 a5 23. Rac1 Ne2+ 24. Kc2 Nxc1+ 25. Kxc1 Rdd2 26. Nxe5
Rxa2 0-1

[Event "Taastrup 30th Aniversary Open"]
[Site "Taastrup"]
[Date "2002.11.26"]
[Round "5"]
[White "Nielsen, Michael"]
[Black "Nielsen, Niels Peter"]
[Result "0-1"]
[WhiteElo "2095"]
[BlackElo "2147"]
[PlyCount "84"]
[EventDate "2002.11.22"]
[EventType "swiss"]
[EventRounds "9"]
[EventCountry "DEN"]
[Source "ChessBase"]
[SourceDate "2003.01.09"]

1. e4 e5 2. Nf3 d6 3. d4 Nf6 4. Nc3 exd4 5. Nxd4 Be7 6. Bc4 O-O 7. O-O Bd7 8.
Re1 Nc6 9. Bf4 Nxd4 10. Qxd4 Bc6 11. Rad1 Nd7 12. Nd5 Bf6 13. Qd2 Nb6 14. Nxb6
axb6 15. c3 Re8 16. f3 Ra5 17. Qf2 Bh4 18. Bg3 Bxg3 19. Qxg3 Qg5 20. Qxg5 Rxg5
21. Kf2 Kf8 22. Bd5 Bxd5 23. Rxd5 Rxd5 24. exd5 Ra8 25. a3 Ra5 26. c4 c6 27.
Rd1 Ke7 28. Rd3 Ra4 29. Rb3 Ra6 30. Ke3 Kd7 31. Kd4 h5 32. Re3 Ra4 33. Kc3 Ra5
34. Kd4 c5+ 35. Ke4 b5 36. Rc3 bxc4 37. Rxc4 b5 38. Rc3 Ra4+ 39. Ke3 b4 40. Rd3
c4 41. Rd2 Kc7 42. Kd4 c3 0-1

[Event "Taastrup 30th Aniversary Open"]
[Site "Taastrup"]
[Date "2002.11.24"]
[Round "3"]
[White "Nielsen, Michael"]
[Black "Nielsen, Jan Mose"]
[Result "1-0"]
[WhiteElo "2095"]
[BlackElo "2128"]
[PlyCount "83"]
[EventDate "2002.11.22"]
[EventType "swiss"]
[EventRounds "9"]
[EventCountry "DEN"]
[Source "ChessBase"]
[SourceDate "2003.01.09"]

1. e4 c5 2. Nf3 Nc6 3. d4 cxd4 4. Nxd4 e5 5. Nb5 d6 6. c4 f5 7. Bd3 fxe4 8.
Bxe4 Nf6 9. Bg5 Be6 10. Bxf6 gxf6 11. Bd5 Bxd5 12. cxd5 Ne7 13. O-O a6 14. N5c3
Qb6 15. Nd2 Ng6 16. Qa4+ Kf7 17. Qd7+ Be7 18. Nce4 Rad8 19. Qf5 Kg7 20. Rac1
Rhf8 21. Nc4 Qb5 22. Ne3 Qd7 23. Rc3 Nf4 24. Kh1 Qxf5 25. Nxf5+ Kf7 26. Rd1 Rd7
27. g3 Nh5 28. Rdc1 Ng7 29. Nxg7 Kxg7 30. Rc7 Rfd8 31. g4 Kf8 32. Ng3 Ke8 33.
Nf5 Bf8 34. Kg2 Kf7 35. Kf3 Kg6 36. Ke4 Bh6 37. Nxh6 Kxh6 38. Kf5 Rxc7 39. Rxc7
Rg8 40. h3 e4 41. Ke6 f5 42. Kxf5 1-0

[Event "Taastrup 30th Aniversary Open"]
[Site "Taastrup"]
[Date "2002.11.27"]
[Round "6"]
[White "Nielsen, Niels Peter"]
[Black "Nolsoe, Eydun"]
[Result "1-0"]
[WhiteElo "2147"]
[BlackElo "2236"]
[PlyCount "109"]
[EventDate "2002.11.22"]
[EventType "swiss"]
[EventRounds "9"]
[EventCountry "DEN"]
[Source "ChessBase"]
[SourceDate "2003.01.09"]

1. e4 c5 2. c3 d5 3. exd5 Qxd5 4. d4 Nc6 5. Nf3 Bg4 6. Be2 cxd4 7. cxd4 e6 8.
Nc3 Qd6 9. Be3 Nf6 10. O-O Be7 11. Qa4 O-O 12. Rfd1 Rfd8 13. Rd2 a6 14. a3 b5
15. Qd1 Rac8 16. h3 Bh5 17. Ng5 Bxe2 18. Qxe2 Na5 19. Rdd1 Rc4 20. Nce4 Nxe4
21. Nxe4 Qc6 22. Nc5 Bxc5 23. dxc5 Rd5 24. b4 Nb7 25. Rxd5 exd5 26. Rd1 a5 27.
Qh5 axb4 28. axb4 d4 29. Rxd4 Rxd4 30. Bxd4 Qe4 31. Be3 Nd8 32. Qd1 Qe8 33. Qd3
h6 34. Kh2 Ne6 35. Qd6 Nd8 36. Qb6 Qd7 37. g3 Qd5 38. h4 Nc6 39. Qb7 Nxb4 40.
Qxb5 Nd3 41. Qb8+ Kh7 42. Qd6 Qf5 43. g4 Qe4 44. Qd4 Qe5+ 45. Qxe5 Nxe5 46. Kg3
Kg6 47. h5+ Kf6 48. Bd4 Ke6 49. f4 Nd3 50. c6 f6 51. g5 hxg5 52. fxg5 fxg5 53.
Bxg7 Nf4 54. h6 Kf7 55. c7 1-0

[Event "Taastrup 30th Aniversary Open"]
[Site "Taastrup"]
[Date "2002.11.25"]
[Round "4"]
[White "Nielsen, Niels Peter"]
[Black "Aagaard, Jacob"]
[Result "0-1"]
[WhiteElo "2147"]
[BlackElo "2371"]
[PlyCount "72"]
[EventDate "2002.11.22"]
[EventType "swiss"]
[EventRounds "9"]
[EventCountry "DEN"]
[Source "ChessBase"]
[SourceDate "2003.01.09"]

1. e4 e6 2. d4 d5 3. Nd2 c5 4. exd5 Qxd5 5. dxc5 Bxc5 6. Qf3 Nf6 7. Qxd5 Nxd5
8. c3 Nc6 9. Ngf3 a6 10. Ne4 Be7 11. Bc4 O-O 12. O-O b5 13. Bxd5 exd5 14. Ned2
Bg4 15. h3 Bh5 16. Nd4 Nxd4 17. cxd4 Rfc8 18. Nb1 Bf6 19. Be3 Rc2 20. Nc3 Rd8
21. g4 Bg6 22. f4 b4 23. Nd1 Be4 24. Rf2 Rc4 25. Rd2 Re8 26. g5 Bd8 27. Kf2 h6
28. h4 hxg5 29. fxg5 f6 30. b3 Rc6 31. Nb2 fxg5 32. hxg5 Rf8+ 33. Kg1 Bxg5 34.
Bxg5 Rg6 35. Rf2 Rxg5+ 36. Kf1 Rxf2+ 0-1

[Event "Taastrup 30th Aniversary Open"]
[Site "Taastrup"]
[Date "2002.11.23"]
[Round "2"]
[White "Nielsen, Niels Peter"]
[Black "Kongsted, Halfdan Christian"]
[Result "1-0"]
[WhiteElo "2147"]
[BlackElo "2221"]
[PlyCount "127"]
[EventDate "2002.11.22"]
[EventType "swiss"]
[EventRounds "9"]
[EventCountry "DEN"]
[Source "ChessBase"]
[SourceDate "2003.01.09"]

1. e4 e6 2. d4 d5 3. Nd2 Nf6 4. e5 Nfd7 5. Bd3 c5 6. c3 Nc6 7. Ndf3 Qb6 8. Ne2
cxd4 9. cxd4 f6 10. Nc3 fxe5 11. dxe5 Ndxe5 12. Nxe5 Nxe5 13. Bb5+ Bd7 14. Qh5+
Ng6 15. Bxd7+ Kxd7 16. O-O Be7 17. Be3 Qb4 18. Rfd1 Ke8 19. Bd4 Bf6 20. Bxf6
gxf6 21. Re1 Kf7 22. Nxd5 exd5 23. Qxd5+ Kg7 24. Qd7+ Kh6 25. Re3 Rad8 26. Rh3+
Kg5 27. Qg7 Qd2 28. Rf1 Rd3 29. f4+ Kf5 30. Rh5+ Ke4 31. Rxh7 Rxh7 32. Qxg6+
Kd4 33. Qxh7 Qxb2 34. Qd7+ Kc4 35. Qf7+ Kc5 36. Qc7+ Kd5 37. Rc1 Qd4+ 38. Kf1
Rd1+ 39. Rxd1 Qxd1+ 40. Kf2 Qd2+ 41. Kg3 Qe3+ 42. Kh4 Qf2+ 43. Kh5 Qe2+ 44. Kh6
Kd4 45. Qd6+ Kc4 46. Qxf6 Qxg2 47. Qe6+ Kb4 48. h4 b5 49. Qd6+ Kc4 50. f5 Qg4
51. Qe6+ Kc5 52. Qe7+ Kc4 53. Qg5 Qe2 54. f6 b4 55. f7 Qe6+ 56. Kg7 Qd7 57. h5
a5 58. Kg8 Qe6 59. Qg6 Qd5 60. h6 a4 61. h7 b3 62. axb3+ axb3 63. h8=Q b2 64.
Qc2+ 1-0

[Event "Taastrup 30th Aniversary Open"]
[Site "Taastrup"]
[Date "2002.11.28"]
[Round "7"]
[White "Nielsen, Niels Peter"]
[Black "Koerholz, Ludger"]
[Result "0-1"]
[WhiteElo "2147"]
[BlackElo "2356"]
[PlyCount "80"]
[EventDate "2002.11.22"]
[EventType "swiss"]
[EventRounds "9"]
[EventCountry "DEN"]
[Source "ChessBase"]
[SourceDate "2003.01.09"]

1. e4 g6 2. d4 Bg7 3. Nf3 c5 4. c3 Qc7 5. h3 d6 6. Be3 Nd7 7. Be2 Ngf6 8. Nbd2
O-O 9. O-O b6 10. Re1 Bb7 11. d5 e6 12. dxe6 fxe6 13. Ng5 Rae8 14. Bf4 Qc6 15.
Qb3 c4 16. Qxc4 Nc5 17. b4 Nfxe4 18. Ndxe4 d5 19. Qb5 Nxe4 20. Nxe4 Rxf4 21.
Nd6 Qxd6 22. Qxe8+ Rf8 23. Qa4 Bxc3 24. Qxa7 Bxe1 25. Rxe1 Qxb4 26. Rf1 Bc6 27.
Qc7 Qc5 28. Qe5 Bd7 29. Bg4 Kf7 30. Re1 Re8 31. Qf4+ Kg7 32. h4 Rf8 33. Qe5+
Rf6 34. Qb2 d4 35. Re4 d3 36. Rd4 Bb5 37. a4 Qc2 38. Rb4 Qxb2 39. Rxb2 Bxa4 40.
Rxb6 Rf4 0-1

[Event "Taastrup 30th Aniversary Open"]
[Site "Taastrup"]
[Date "2002.11.30"]
[Round "9"]
[White "Nielsen, Niels Peter"]
[Black "Jakobsen, Ole"]
[Result "0-1"]
[WhiteElo "2147"]
[BlackElo "2381"]
[PlyCount "104"]
[EventDate "2002.11.22"]
[EventType "swiss"]
[EventRounds "9"]
[EventCountry "DEN"]
[Source "ChessBase"]
[SourceDate "2003.01.09"]

1. e4 c5 2. Nf3 e6 3. c3 d5 4. exd5 exd5 5. d4 Nc6 6. Bb5 Bd6 7. Be3 c4 8. O-O
a6 9. Ba4 Nge7 10. Re1 O-O 11. Nbd2 Bf5 12. Bc2 Qd7 13. Bxf5 Nxf5 14. Nf1 Rfe8
15. Qd2 f6 16. Bf4 Bf8 17. h3 b5 18. Rxe8 Rxe8 19. Re1 a5 20. Rxe8 Qxe8 21. Ne3
Qe4 22. Nxf5 Qxf5 23. g4 Qd7 24. Qe2 b4 25. Kg2 Ne7 26. Bg3 Ng6 27. Nh4 Nxh4+
28. Bxh4 a4 29. f4 f5 30. Kf3 fxg4+ 31. hxg4 h5 32. f5 Kf7 33. Be1 b3 34. axb3
hxg4+ 35. Kg2 cxb3 36. Qxg4 Kg8 37. Qg6 a3 38. bxa3 Qd6 39. Qe8 b2 40. Qb5 Qxa3
41. Qxd5+ Kh8 42. Kf2 Qd6 43. Qh1+ Kg8 44. Qb7 Qh2+ 45. Ke3 Ba3 46. c4 Qh3+ 47.
Kd2 Qxf5 48. Qa8+ Kf7 49. Qb7+ Ke8 50. Qa8+ Kf7 51. Qb7+ Kg8 52. Qa8+ Bf8 0-1

[Event "Taastrup 30th Aniversary Open"]
[Site "Taastrup"]
[Date "2002.11.30"]
[Round "9"]
[White "Niklasch, Oliver"]
[Black "Nordenbaek, Jan"]
[Result "1-0"]
[WhiteElo "2301"]
[BlackElo "2237"]
[PlyCount "75"]
[EventDate "2002.11.22"]
[EventType "swiss"]
[EventRounds "9"]
[EventCountry "DEN"]
[Source "ChessBase"]
[SourceDate "2003.01.09"]

1. d4 Nf6 2. c4 g6 3. g3 Bg7 4. Bg2 O-O 5. Nc3 d6 6. Nf3 c6 7. O-O Nbd7 8. d5
cxd5 9. cxd5 Nc5 10. Be3 Nfe4 11. Nxe4 Nxe4 12. Nd4 Nf6 13. h3 Qa5 14. Qb3 Nd7
15. Rfc1 Nc5 16. Qd1 Bd7 17. b3 Rfc8 18. a3 Qa6 19. Ra2 e5 20. dxe6 Nxe6 21.
Rxc8+ Rxc8 22. a4 b5 23. a5 b4 24. Nc2 Bc3 25. Qd5 Qxe2 26. Qxd6 Bb5 27. Kh2
Rd8 28. Qe7 Rd1 29. Qxa7 Bd3 30. Qa8+ Kg7 31. Qf3 Nc7 32. Bb6 Qxf3 33. Bxf3 Rd2
34. Nxb4 Bxb4 35. Rxd2 Bxd2 36. Bxc7 Ba6 37. Bd5 Bb4 38. Bc4 1-0

[Event "Taastrup 30th Aniversary Open"]
[Site "Taastrup"]
[Date "2002.11.27"]
[Round "6"]
[White "Niklasch, Oliver"]
[Black "Aagaard, Jacob"]
[Result "1-0"]
[WhiteElo "2301"]
[BlackElo "2371"]
[PlyCount "69"]
[EventDate "2002.11.22"]
[EventType "swiss"]
[EventRounds "9"]
[EventCountry "DEN"]
[Source "ChessBase"]
[SourceDate "2003.01.09"]

1. c4 g6 2. d4 Bg7 3. g3 d6 4. Bg2 Nf6 5. Nf3 O-O 6. O-O Nbd7 7. Nc3 e5 8. e4
c6 9. h3 Qb6 10. Re1 exd4 11. Nxd4 Ne8 12. Nb3 a5 13. Be3 Qb4 14. a3 Qxc4 15.
Nd4 f6 16. Rc1 Qf7 17. f4 Nc7 18. Nd5 Na6 19. Nc3 Kh8 20. h4 f5 21. h5 Nf6 22.
hxg6 Qxg6 23. exf5 Qxg3 24. Bf2 Qxf4 25. Ne4 Ng4 26. Bg3 Qxc1 27. Qxc1 Bxd4+
28. Kh1 Bxf5 29. Nxd6 Bg6 30. Qc4 c5 31. Bxb7 Nc7 32. Bxa8 Nxa8 33. Qe6 Nf2+
34. Kg2 Nd3 35. Rf1 1-0

[Event "Taastrup 30th Aniversary Open"]
[Site "Taastrup"]
[Date "2002.11.25"]
[Round "4"]
[White "Niklasch, Oliver"]
[Black "Naes, Flovin Tor"]
[Result "1/2-1/2"]
[WhiteElo "2301"]
[BlackElo "2280"]
[PlyCount "63"]
[EventDate "2002.11.22"]
[EventType "swiss"]
[EventRounds "9"]
[EventCountry "DEN"]
[Source "ChessBase"]
[SourceDate "2003.01.09"]

1. d4 Nf6 2. c4 g6 3. g3 Bg7 4. Bg2 O-O 5. Nc3 d6 6. Nf3 Re8 7. O-O Nbd7 8. e4
e5 9. d5 Nc5 10. Ne1 a5 11. h3 b6 12. Be3 Nfd7 13. Qc2 Rf8 14. Rb1 Rb8 15. a3
f5 16. exf5 gxf5 17. b4 axb4 18. axb4 f4 19. Bd2 Nb7 20. Nf3 Nf6 21. Ng5 Qe8
22. gxf4 h6 23. Ne6 Bxe6 24. dxe6 Qxe6 25. Nd5 c6 26. f5 Qe8 27. Nc7 Qd7 28.
Ne6 Rf7 29. f4 e4 30. Bxe4 Nxe4 31. Qxe4 d5 32. cxd5 1/2-1/2

[Event "Taastrup 30th Aniversary Open"]
[Site "Taastrup"]
[Date "2002.11.23"]
[Round "2"]
[White "Niklasch, Oliver"]
[Black "Nohr, Finn"]
[Result "1-0"]
[WhiteElo "2301"]
[BlackElo "2157"]
[PlyCount "107"]
[EventDate "2002.11.22"]
[EventType "swiss"]
[EventRounds "9"]
[EventCountry "DEN"]
[Source "ChessBase"]
[SourceDate "2003.01.09"]

1. d4 d5 2. c4 c6 3. Nc3 Nf6 4. Nf3 e6 5. Bg5 h6 6. Bh4 dxc4 7. e4 Be7 8. e5
Nd5 9. Bxe7 Qxe7 10. Bxc4 Qb4 11. Qb3 Qxb3 12. Bxb3 Nd7 13. Ne4 Ke7 14. Rc1
N7b6 15. g3 Bd7 16. Nc5 Rab8 17. Nd2 f5 18. exf6+ gxf6 19. O-O Be8 20. Rfe1 Bf7
21. Re2 Nd7 22. Nde4 Nf8 23. f4 Rg8 24. Kf2 Bh5 25. Ree1 Bg4 26. Nd2 Nd7 27.
Nxe6 Bxe6 28. f5 Ne5 29. dxe5 Bxf5 30. Bxd5 cxd5 31. Rc7+ Ke6 32. exf6+ Kxf6
33. Ree7 Rbc8 34. Nf3 Rxc7 35. Rxc7 Rg7 36. Rxg7 Kxg7 37. Ke3 Kf6 38. Kf4 Be4
39. Nd4 a6 40. g4 Bd3 41. h4 Be4 42. a3 Bg2 43. Nf5 Kg6 44. g5 hxg5+ 45. hxg5
Bh1 46. Ng3 Bg2 47. Ne2 Bh1 48. Nd4 Bg2 49. Nb3 Bh1 50. Nc5 d4 51. Nd7 Bc6 52.
Ne5+ Kg7 53. Nxc6 bxc6 54. b4 1-0

[Event "Taastrup 30th Aniversary Open"]
[Site "Taastrup"]
[Date "2002.11.26"]
[Round "5"]
[White "Nilsson, Nils Specht"]
[Black "Koerholz, Ludger"]
[Result "0-1"]
[WhiteElo "2182"]
[BlackElo "2356"]
[PlyCount "56"]
[EventDate "2002.11.22"]
[EventType "swiss"]
[EventRounds "9"]
[EventCountry "DEN"]
[Source "ChessBase"]
[SourceDate "2003.01.09"]

1. d4 Nf6 2. Nf3 c5 3. c4 g6 4. Nc3 Bg7 5. d5 O-O 6. Bf4 d6 7. h3 Re8 8. e3 e6
9. dxe6 Bxe6 10. Be2 d5 11. O-O Nc6 12. Nb5 Re7 13. Bd6 Rd7 14. Bxc5 Ne4 15.
Bd4 dxc4 16. Qc2 Nxd4 17. Nbxd4 Bd5 18. b3 cxb3 19. axb3 Rc8 20. Qd3 Rc3 21.
Qb5 Rc5 22. Qd3 b6 23. Rac1 Ng5 24. Nxg5 Qxg5 25. f3 Bxd4 26. Qxd4 Bxf3 27.
Bxf3 Rxd4 28. Rxc5 Qxe3+ 0-1

[Event "Taastrup 30th Aniversary Open"]
[Site "Taastrup"]
[Date "2002.11.28"]
[Round "7"]
[White "Nilsson, Nils Specht"]
[Black "Pallesen, Jacob"]
[Result "0-1"]
[WhiteElo "2182"]
[BlackElo "2071"]
[PlyCount "88"]
[EventDate "2002.11.22"]
[EventType "swiss"]
[EventRounds "9"]
[EventCountry "DEN"]
[Source "ChessBase"]
[SourceDate "2003.01.09"]

1. d4 f5 2. Nc3 d5 3. g4 Nf6 4. g5 Ne4 5. f3 Nxc3 6. bxc3 e6 7. Bg2 Be7 8. h4
c5 9. e4 Nc6 10. Ne2 e5 11. exd5 Qxd5 12. dxe5 Qxd1+ 13. Kxd1 Nxe5 14. Nf4 O-O
15. Nd5 Rd8 16. f4 Be6 17. fxe5 Bxd5 18. Bxd5+ Rxd5+ 19. Ke2 Rxe5+ 20. Kf3 Re8
21. Bf4 Re4 22. Rhe1 Bf8 23. Rxe4 Rxe4 24. a4 g6 25. a5 Rc4 26. Bd2 Rxh4 27.
Rb1 Ra4 28. c4 b6 29. axb6 axb6 30. Rxb6 Rxc4 31. c3 Be7 32. Rb8+ Kf7 33. Rh8
Rh4 34. c4 Rh3+ 35. Ke2 Bf8 36. Bf4 Rh4 37. Kf3 Rxf4+ 38. Kxf4 Kg7 39. Rxf8
Kxf8 40. Ke5 Kg7 41. Kd5 f4 42. Ke4 h6 43. gxh6+ Kxh6 44. Kxf4 g5+ 0-1

[Event "Taastrup 30th Aniversary Open"]
[Site "Taastrup"]
[Date "2002.11.30"]
[Round "9"]
[White "Nilsson, Nils Specht"]
[Black "Hansen, Lars Henrik Bech"]
[Result "1/2-1/2"]
[WhiteElo "2182"]
[BlackElo "2131"]
[PlyCount "21"]
[EventDate "2002.11.22"]
[EventType "swiss"]
[EventRounds "9"]
[EventCountry "DEN"]
[Source "ChessBase"]
[SourceDate "2003.01.09"]

1. c4 Nf6 2. Nc3 g6 3. d4 Bg7 4. e4 d6 5. f3 O-O 6. Be3 e5 7. dxe5 dxe5 8. Qxd8
Rxd8 9. Nd5 Nxd5 10. cxd5 c6 11. Bc4 1/2-1/2

[Event "Taastrup 30th Aniversary Open"]
[Site "Taastrup"]
[Date "2002.11.22"]
[Round "1"]
[White "Nilsson, Nils Specht"]
[Black "Hermansson, Emil"]
[Result "0-1"]
[WhiteElo "2182"]
[BlackElo "2370"]
[PlyCount "40"]
[EventDate "2002.11.22"]
[EventType "swiss"]
[EventRounds "9"]
[EventCountry "DEN"]
[Source "ChessBase"]
[SourceDate "2003.01.09"]

1. d4 Nf6 2. Nf3 g6 3. c4 Bg7 4. Nc3 d5 5. Bf4 O-O 6. e3 c5 7. Bxb8 Rxb8 8.
dxc5 Qa5 9. Qa4 Qxc5 10. b4 Qc7 11. c5 Ne4 12. Nxd5 Qd8 13. Rd1 e6 14. Qxa7 Bd7
15. Bc4 exd5 16. Rxd5 Bc3+ 17. Kf1 Bxb4 18. c6 Qf6 19. Qa4 Qb2 20. Be2 Bxc6 0-1

[Event "Taastrup 30th Aniversary Open"]
[Site "Taastrup"]
[Date "2002.11.24"]
[Round "3"]
[White "Nilsson, Nils Specht"]
[Black "Hartvig, Ove Weiss"]
[Result "1/2-1/2"]
[WhiteElo "2182"]
[BlackElo "2286"]
[PlyCount "146"]
[EventDate "2002.11.22"]
[EventType "swiss"]
[EventRounds "9"]
[EventCountry "DEN"]
[Source "ChessBase"]
[SourceDate "2003.01.09"]

1. d4 Nf6 2. c4 c5 3. Nf3 cxd4 4. Nxd4 e5 5. Nf3 Nc6 6. Nc3 Bc5 7. Bg5 Qb6 8.
Qb3 Bxf2+ 9. Kd1 Ng4 10. h3 Ne3+ 11. Bxe3 Qxe3 12. Nd5 Qxb3+ 13. axb3 Rb8 14.
e3 Bg3 15. Bd3 d6 16. b4 f5 17. e4 fxe4 18. Bxe4 a6 19. Ng5 Rf8 20. Bxh7 Rf2
21. Bg6+ Kd7 22. Ne4 Rxg2 23. Ne3 Rxb2 24. Nxg3 Nxb4 25. Rf1 Kc6 26. Nd5 Bxh3
27. Rf7 Nxd5 28. Be4 Bg2 29. cxd5+ Kb6 30. Kc1 Rb3 31. Ra2 Rc8+ 32. Kd1 Bxe4
33. Nxe4 Rh8 34. Nxd6 Rd3+ 35. Kc2 Rxd5 36. Rxb7+ Kc5 37. Ne4+ Kc6 38. Rbb2
Rh2+ 39. Kc3 Rh3+ 40. Kc2 Rh2+ 41. Kc3 Rh3+ 42. Kc2 a5 43. Ra4 Rh2+ 44. Kc3
Rxb2 45. Kxb2 Rd4 46. Rxa5 Rxe4 47. Ra6+ Kd5 48. Rg6 Rb4+ 49. Kc3 Rb7 50. Kd3
e4+ 51. Ke3 Ke5 52. Rg4 Rb3+ 53. Ke2 Rb2+ 54. Ke3 Rb3+ 55. Ke2 Rb7 56. Ke3 Kf5
57. Rf4+ Kg5 58. Rxe4 Rb3+ 59. Kf2 Kf5 60. Re2 Kf4 61. Ra2 Kg4 62. Kg2 g5 63.
Ra4+ Kh5 64. Ra8 Kh4 65. Ra4+ g4 66. Ra2 Rg3+ 67. Kh2 Rc3 68. Kg2 Rb3 69. Rc2
Rb4 70. Ra2 g3 71. Rc2 Rf4 72. Ra2 Rf2+ 73. Rxf2 gxf2 1/2-1/2

[Event "Taastrup 30th Aniversary Open"]
[Site "Taastrup"]
[Date "2002.11.29"]
[Round "8"]
[White "Nohr, Finn"]
[Black "Nilsson, Nils Specht"]
[Result "0-1"]
[WhiteElo "2157"]
[BlackElo "2182"]
[PlyCount "124"]
[EventDate "2002.11.22"]
[EventType "swiss"]
[EventRounds "9"]
[EventCountry "DEN"]
[Source "ChessBase"]
[SourceDate "2003.01.09"]

1. e4 c6 2. d4 d5 3. exd5 Qxd5 4. Nc3 Qa5 5. Nf3 Bg4 6. h3 Bh5 7. g4 Bg6 8. Bg2
e6 9. O-O Nd7 10. a3 Bd6 11. Nd2 Ngf6 12. Nc4 Qc7 13. Nxd6+ Qxd6 14. Ne2 Nb6
15. Bf4 Qd7 16. b3 Nbd5 17. Be5 h5 18. c4 hxg4 19. cxd5 exd5 20. Nf4 gxh3 21.
Bf3 h2+ 22. Kh1 Be4 23. Bg2 Bxg2+ 24. Nxg2 Qf5 25. Qe2 O-O-O 26. Rac1 Ne4 27.
Ne3 Qh5 28. Rc2 Qxe2 29. Rxe2 Rh7 30. Ng4 f6 31. Bg3 f5 32. Ne3 Rf8 33. Be5 f4
34. Ng4 Rh4 35. Rxe4 dxe4 36. f3 exf3 37. Nxh2 Rfh8 38. Rf2 R8h7 39. Kg1 g5 40.
Bf6 Rh3 41. Bxg5 Rg3+ 42. Kf1 Rxg5 43. Nxf3 Rh1+ 44. Ke2 Rg3 45. Kd3 Ra1 46. a4
b5 47. axb5 cxb5 48. Ke4 Rg8 49. d5 Re8+ 50. Kxf4 Rf8+ 51. Ke4 Rb1 52. Rc2+ Kb7
53. Nd4 Re1+ 54. Kd3 Rd1+ 55. Ke4 Re1+ 56. Kd3 a6 57. Ne6 Rf3+ 58. Kd4 Rf5 59.
d6 Rd1+ 60. Ke4 Rh5 61. Rc7+ Kb6 62. Nd4 Rh4+ 0-1

[Event "Taastrup 30th Aniversary Open"]
[Site "Taastrup"]
[Date "2002.11.26"]
[Round "5"]
[White "Nohr, Finn"]
[Black "Nielsen, Jan Mose"]
[Result "0-1"]
[WhiteElo "2157"]
[BlackElo "2128"]
[PlyCount "112"]
[EventDate "2002.11.22"]
[EventType "swiss"]
[EventRounds "9"]
[EventCountry "DEN"]
[Source "ChessBase"]
[SourceDate "2003.01.09"]

1. e4 c5 2. c3 d5 3. exd5 Qxd5 4. d4 Nf6 5. Nf3 Bg4 6. Be2 e6 7. h3 Bh5 8. O-O
Nc6 9. a3 Be7 10. c4 Qd7 11. dxc5 a5 12. Be3 Qxd1 13. Rxd1 Ne4 14. Nc3 Nxc5 15.
b4 axb4 16. axb4 Rxa1 17. Rxa1 Nd7 18. Ra8+ Nd8 19. c5 O-O 20. Ra7 f5 21. g4
fxg4 22. Nd4 Ne5 23. Ncb5 Be8 24. hxg4 Nec6 25. Nxc6 Bxc6 26. Nd4 Bd5 27. f4
Bf6 28. Nf3 Bc3 29. b5 h6 30. Ra8 Nf7 31. Rxf8+ Kxf8 32. Nd4 Ke7 33. Kf2 Kd7
34. g5 hxg5 35. fxg5 Bxd4 36. Bxd4 Nxg5 37. Ke3 Ne4 38. Bd3 Nf6 39. Kf4 Ke7 40.
Kg5 Kf7 41. Bg6+ Ke7 42. Kf4 Bc4 43. b6 Bd5 44. Bd3 Kd7 45. Bb5+ Bc6 46. Bc4
Ke7 47. Kg5 Kf7 48. Bd3 Nd7 49. Bg6+ Ke7 50. Kf4 e5+ 51. Bxe5 Nxc5 52. Bxg7
Ne6+ 53. Ke5 Nxg7 54. Bd3 Nh5 55. Bc4 Nf6 56. Kd4 Nd7 0-1

[Event "Taastrup 30th Aniversary Open"]
[Site "Taastrup"]
[Date "2002.11.24"]
[Round "3"]
[White "Nolsoe, Eydun"]
[Black "Koerholz, Ludger"]
[Result "1-0"]
[WhiteElo "2236"]
[BlackElo "2356"]
[PlyCount "83"]
[EventDate "2002.11.22"]
[EventType "swiss"]
[EventRounds "9"]
[EventCountry "DEN"]
[Source "ChessBase"]
[SourceDate "2003.01.09"]

1. e4 c5 2. Nf3 Nc6 3. d4 cxd4 4. Nxd4 g6 5. c4 Bg7 6. Be3 Nf6 7. Nc3 Ng4 8.
Qxg4 Nxd4 9. Qd1 e5 10. Bd3 O-O 11. O-O a6 12. Qd2 Rb8 13. Rad1 d6 14. b3 f5
15. Bxd4 exd4 16. Ne2 Qh4 17. exf5 Bxf5 18. Bxf5 Rxf5 19. Nxd4 Rf7 20. Ne6 Bf8
21. g3 Qg4 22. Nxf8 Rbxf8 23. Qxd6 h5 24. Rd4 Qg5 25. Qd5 Qe7 26. Rf4 Kg7 27.
Qd4+ Kh7 28. Rxf7+ Rxf7 29. Rd1 Qe2 30. Rd2 Qe1+ 31. Kg2 Re7 32. Qf4 Qb1 33.
Rd8 Qc2 34. Rh8+ Kxh8 35. Qf8+ Kh7 36. Qxe7+ Kg8 37. Qxb7 Qxa2 38. Qd5+ Kg7 39.
c5 Qc2 40. c6 Kh6 41. Qc4 Qf5 42. Qf4+ 1-0